000 00783nam a2200229 a 4500
001 000012992
005 20240530073916.0
008 091116s1993 dr 000 f spa d
040 _aDO-SdBNP
_bspa
_cBNPHU
082 _aRD863.44
_bR457d, 1993
100 1 _aReyes, Freddy,
_d1936-
_9703
245 1 0 _aDetrás del biombo /
_cFreddy Reyes ; prólogo Bolívar E. Rodríguez.
250 _a2a. ed.
260 _aSanto Domingo :
_bBúho,
_c1993.
300 _a314 p. ;
_c21 cm.
590 _aIncluye datos biográficos del autor en la solapa de la contracubierta.
590 _aInventariado, 2019/BT
650 0 _aNovela dominicana
_9223
650 0 _aLiteratura dominicana.
_967
700 1 _aRodríguez, Bolívar E.
_epról.
_910308
910 _aValidado. Control de calidad MMOLINA
999 _c12639
_d12639